000 00850nam a22002657a 4500
003 mut
005 20240606081316.0
008 171123b xxu||||| |||| 00| 0 eng d
020 _a9780176103286
040 _cmut
050 _aPE1417
_b.P45 2008
100 _aAckley, Katherine Anne
245 _aPerspectives on contemporary issues:
_breading across the disciplines
250 _a1st Canadian ed.
260 _aAustralia
_bThomson Nelson
_cc2008
650 _aCollege readers
650 _aInterdisciplinary approach in education
_xProblem, exercise
650 _aEnglish language
_vRhetoric
_xProblems, exercises
650 _aAcademic writing
_xProblems, exercises
650 _aCurrent events
_xProblems, exercices
650 _aReaders
_xCurrent events
700 _aBlank, G. Kim
700 _aHune, Stephen Eaton
942 _2lcc
_cBK
999 _c14580
_d14580